The effect of iron chloride and glutamate on glutamine synthetase activity in primary cultured rat cortical astrocytes : a model for epileptic induction /

Bibliographic Details
Main Author: Roberts, Julie Ann, 1959-
Format: Thesis eBook
Language:English
Published: [Place of publication not identified] : [publisher not identified] ; 1986.
Subjects:
Online Access:Link to OAKTrust copy

MARC

Tag First Indicator Second Indicator Subfields
LEADER 00000cam a2200000 a 4500
001 in00000017805
005 20220103115018.0
007 cr unu a
008 880629s1986 xx a b 00010 eng d
035 |9 AAB1922AM 
035 |a (OCoLC)18150136 
040 |a TXA  |c TXA  |d UtOrBLW 
049 |a TXAZ [Also in] [Archives]  |c 1 [A10758026], 2 [A10758076] 
099 |a 1986  |a Thesis  |a R645 
100 1 |a Roberts, Julie Ann,  |d 1959- 
245 1 4 |a The effect of iron chloride and glutamate on glutamine synthetase activity in primary cultured rat cortical astrocytes :  |b a model for epileptic induction /  |c by Julie Ann Roberts. 
264 1 |a [Place of publication not identified] :  |b [publisher not identified] ;  |c 1986. 
300 |a viii, 67 leaves :  |b illustrations ;  |c 29 cm. 
336 |a text  |b txt  |2 rdacontent 
337 |a computer  |b c  |2 rdamedia 
338 |a online resource  |b cr  |2 rdacarrier 
500 |a "Major subject: Veterinary Anatomy." 
500 |a Typescript (photocopy). 
500 |a Vita. 
502 |b M.S.  |c Texas A&M University  |d 1986. 
504 |a Bibliography: leaves 38-47. 
530 |a Also available online. 
650 0 |a Epilepsy  |x Animal models. 
650 0 |a Epilepsy  |x Chemotherapy. 
650 4 |a Major veterinary anatomy. 
856 4 1 |u https://hdl.handle.net/1969.1/ETD-TAMU-1986-THESIS-R645  |z Link to OAKTrust copy  |t 0 
999 |a MARS 
999 f f |s 27703473-c1a5-316f-9e39-ccc83b114512  |i 03923e0c-bf7d-3562-ba8e-d60c53feca45  |t 0 
952 f f |p noncirc  |a Texas A&M University  |b J.J. Pickle Campus  |c High Density Repository  |s HDR  |d Remote Storage  |t 0  |e 1986 Thesis R645  |h Other scheme  |i computer -- online resource  |m A14839617996 
952 f f |a Texas A&M University  |b College Station  |c Electronic Resources  |s www_evans  |d Available Online  |t 0  |e 1986 Thesis R645  |h Other scheme 
998 f f |a 1986 Thesis R645  |t 0  |l Remote Storage 
998 f f |a 1986 Thesis R645  |t 0  |l Available Online